| 000 | 00548nam a2200181 a 4500 | ||
|---|---|---|---|
| 001 | 000023725 | ||
| 005 | 20200930022423.0 | ||
| 008 | 110112s1989 ag r 000 0 spa d | ||
| 020 | _a9509840084 | ||
| 040 |
_aDO-SdBNP _bspa _cBNPHU |
||
| 082 |
_axxxxx _bC334c |
||
| 100 | 1 |
_aCasabianca, Ruth _948851 |
|
| 245 | 1 | 0 |
_aComo equivoarse menos en terapia / _cRuth Casabianca , Hugo Hirsch. |
| 260 |
_aBuenos Aires, Argentina : _bUniversidad Nacional del Litoral, _c1989. |
||
| 300 |
_a93 p. ; _c20 cm. |
||
| 700 | 1 |
_aHirsch, Hugo _948852 |
|
| 049 | _aBNGR | ||
| 999 |
_c23221 _d23221 |
||